| 000 | 01554nam a2200337 a 4500 | ||
|---|---|---|---|
| 001 | 000014918 | ||
| 003 | DO-SdBNP | ||
| 005 | 20250721112936.0 | ||
| 007 | ta | ||
| 008 | 100127s2008 dr abcd 001 0 spa d | ||
| 020 | _a9789945130782 | ||
| 040 |
_aDO-SdBNP _bspa _cBNPHU _erda |
||
| 041 | _aspa | ||
| 082 | 4 |
_a354.3 _bD351h _222 |
|
| 100 | 1 |
_aDelfs, Christiane, _eautor _4aut. _933771 |
|
| 245 | 1 | 0 |
_aHacia la gobernanza ambiental municipal en República Dominicana : _banálisis, sistematización y propuestas para el desarrollo institucional de UGAM / _cChristiane Delfs, Manuel Vásquez Tineo ; prólogo, Omar Ramírez Tejada, Susanne Wahl ; presentación, Ernesto Reyna Alcántara. |
| 264 | 1 |
_aSanto Domingo : _bSecretaría de Estado de Medio Ambiente y Recursos Naturales (SEMARENA) _bServicio Alemán de Cooperación Social Técnica (DED), _c2008. |
|
| 300 |
_a142 páginas : _bilustraciones, gráficos, mapas, retratos; _c24 cm. |
||
| 336 |
_atexto _btxt _2rdacontent |
||
| 337 |
_asin mediación _bn _2rdamedia |
||
| 338 |
_avolumen _bnc _2rdacarrier |
||
| 504 | _aBibliografía : páginas 142 | ||
| 650 | 4 |
_aProteccion del medio ambiente _zRepública Dominicana _914337 |
|
| 650 | 4 |
_aGestion ambiental _zRepublica Dominicana _933772 |
|
| 650 | 0 |
_aGobierno municipal _zRepublica Dominicana _917207 |
|
| 700 | 1 |
_aVásquez Tineo, Manuel, _eautor _4aut. _933774 |
|
| 700 | 1 |
_aRamérez Tejada, Omar, _eprologuista _4pr. _933775 |
|
| 700 | 1 |
_aWahl, Susanne, _eprologuista _4pr. _933776 |
|
| 700 | 1 |
_aReyna Alcántara, Ernesto _933777 |
|
| 942 |
_2ddc _cLBS1 |
||
| 999 |
_c14498 _d14498 |
||